Illustrissimo ac sublimi virtute, optimaque eruditione, ornatissimo viro Francisco Bernardo ... : theses hasce ... Collegio-Harvardino ... Habita in comitiis academicis, Cantabrigiæ, Nov-Anglorum, idibus quintilibus, anno MDCCLXVII.

Bibliographic Details
Corporate Author: Harvard College (1636-1780)
Format: eBook
Language:Latin
Published: [Boston] : Typis Richardi Draper, [1767]
Series:Early American imprints. Evans (1639-1800) ; no. 10639.
Subjects:
Online Access:Evans Digital Edition

MARC

Tag First Indicator Second Indicator Subfields
LEADER 00000cam a2200000 a 4500
001 in00002159608
006 m e d #
007 cr mn mmmmabba
008 820308s1767 mau s 000 0 lat d
005 20260331144732.3
035 |z w012900 
035 |a MAAR8203084404B 
035 |9 mwa91-6888 
035 |a 319571 
035 |a aas03012900 
040 |a MWA  |c MWA  |e bdrb  |d UtOrBLW 
110 2 |a Harvard College (1636-1780) 
245 1 0 |a Illustrissimo ac sublimi virtute, optimaque eruditione, ornatissimo viro Francisco Bernardo ... :  |b theses hasce ... Collegio-Harvardino ... Habita in comitiis academicis, Cantabrigiæ, Nov-Anglorum, idibus quintilibus, anno MDCCLXVII. 
264 1 |a [Boston] :  |b Typis Richardi Draper,  |c [1767] 
300 |a 1 sheet (1 unnumbered page) ;  |c 55 x 43 cm. 
336 |a text  |b txt  |2 rdacontent 
337 |a computer  |b c  |2 rdamedia 
338 |a online resource  |b cr  |2 rdacarrier 
500 |a Text in three columns; printed area measures 51.9 x 38.4 cm. 
510 4 |a Evans  |c 10639 
510 4 |a Ford, W.C. Broadsides,  |c 1412 
530 |a Microform version available in the Readex Early American Imprints series. 
533 |a Electronic text and image data.  |b [Chester, Vt. :  |c Readex, a division of Newsbank, Inc.,  |d 2002-2004.  |e Includes files in TIFF, GIF and PDF formats with inclusion of keyword searchable text.  |f (Early American imprints. First series ; no. 10639). 
500 |a Electronic resource. 
610 2 0 |a Harvard College (1636-1780)  |v Dissertations. 
655 7 |a Broadsides.  |2 rbgenr 
655 7 |a Academic dissertations.  |2 rbgenr 
752 |a United States  |b Massachusetts  |d Boston. 
830 0 |a Early American imprints.  |n Series I,  |p Evans (1639-1800) ;  |v no. 10639. 
856 4 1 |u http://proxy.library.tamu.edu/login?url=https://opac.newsbank.com/select/evans/10639  |y Evans Digital Edition  |t 0 
999 |a MARS 
999 f f |s 78ed7404-e18a-3241-8826-c43da2bb3ef9  |i 5db056b7-b62b-3bf8-b68e-58c0c17cd441  |t 0 
952 f f |a Texas A&M University  |b College Station  |c Electronic Resources  |s www_evans  |d Available Online  |t 0  |h No information provided 
998 f f |t 0  |l Available Online